• 首页
  • 本馆介绍
  • 公告通知
  • 最新文献
  • 馆藏检索
  • 电子资源
  • 读者导购
  • 参考咨询
  • 我的图书馆
  • 登录
  • 详细信息显示
  • 放入我的书架
  • 预约/预借图书
  • 作者相关作品
  • 分类相关作品
  • 丛书相关作品
  • 出版社相关作品

书目信息

  • 表格格式
  • 工作单格式
  • 卡片格式
题名:
立体声应用技术
    
 
作者: 李宝善 编著
分册:  
出版信息: 上海   上海科学技术文献出版社  1982
页数: 156页
开本: 25cm
丛书名:
单 册:
中图分类: TN912.27 , TN912.2
科图分类:
主题词: 立体声技术--应用 , 电声技术 , 语音数据处理
电子资源:
ISBN:
000 00740nam0 2200277 45
001 0182006685
005 20040517085947.8
010    @dCNY1.05
091    @a15192.205
100    @a19950112d1982 em y0chiy0121 ea
101 0  @achi
102    @aCN@b310000
105    @ay z 000yy
106    @ar
200 10 @a立体声应用技术@Ali ti sheng ying yong ji shu@f李宝善编著
210    @a上海@c上海科学技术文献出版社@d1982
215    @a156页@d25cm
606    @a立体声技术@x应用
606 0  @a电声技术
606 0  @a语音数据处理
690    @aTN912.27@v3 
690    @aTN912.2
701  0 @a李宝善@Ali bao shan@4编著
801  0 @aCN@b上海图书馆@c20040517
801  2 @aCN@bNLC@c20040517
905    @f3@b217751-753@f1@b162162@dTN912.2@e23
    
    立体声应用技术/李宝善编著.-上海:上海科学技术文献出版社,1982
    156页;25cm
    
    
    ISBN :CNY1.05
    
●
相关链接 在E读中查询图书 在五车中查询图书 在当当中查询图书 在豆瓣中查询图书


正题名:立体声应用技术     索取号:TN912.2/23         预约/预借

序号 登录号 条形码 馆藏地/架位号 状态 备注
1 0162162   001322982   密集书库/ [索取号:TN912.2/23] 在馆    
2 0162163   001322991   第二样本阅览室/ [索取号:TN912.2/23] 在馆    
3 0217751   001323017   密集书库/ [索取号:TN912.2/23] 在馆    
4 0217752   001323008   密集书库/ [索取号:TN912.2/23] 在馆    
5 0217753   001322937   第三借阅区/ [索取号:TN912.2/23] 在馆    
唐山师范学院图书馆 欢迎您!
大连网信软件有限公司© 版权所有